| 000 | 00971nam a2200265 a 4500 | ||
|---|---|---|---|
| 001 | 000007827 | ||
| 003 | OSt | ||
| 005 | 20240307073944.0 | ||
| 008 | 090911s1953 dr a 001 0 spa d | ||
| 040 |
_aDO-SdBNP _bspa _cBNPHU |
||
| 082 | 4 |
_a611.018 _bR252a |
|
| 100 | 1 |
_aRavelo Barré, Mario _921548 |
|
| 245 | 1 | 0 |
_aAtlas de histología para los trabajos prácticos / _cM. Ravelo Barré. |
| 260 |
_aCiudad Trujillo, República Dominicana : _bCaribe, _c1953. |
||
| 300 |
_a187 p. : _bil ; _c22 cm. |
||
| 490 | 1 |
_aPublicaciones de la Universidad Autónoma de Santo Domingo _v89 |
|
| 490 | 1 |
_aSerie 11- Ciencias médicas _v3 |
|
| 590 | _aInventariado, 2019/VM | ||
| 650 | 4 |
_aHistología _vAtlas _977093 |
|
| 710 | 1 |
_aUniversidad Autónoma de Santo Domingo _972951 |
|
| 830 |
_aPublicaciones de la Universidad Autónoma de Santo Domingo ; _n1150 _911848 |
||
| 830 | 0 |
_aSerie _n11 - Ciencias médicas _977094 |
|
| 910 | _aValidado. Control de calidad MFF | ||
| 942 |
_2ddc _cLBS1 |
||
| 999 |
_c7605 _d7605 |
||